00486 2200193 4500001002100000005001500021035002000036007000300056008004100059020002200100082001100122084001700133100001100150245003700161260003100198300003000229700001800259700001500277INLIS00000000000031520260114113154 a0010-0126000008ta260114 0 ind  a978-623-522-912-6 a658.81 a658.81 SUT a0 aSutadi1 aAdministrasi Transaksi Kelas XII aJakarta :bErlangga,c2025 aix + 252 ;c17,5 x 25 cm.0 aNuryati, puji0 aHarti, dwi